000 00488nam a22001457a 4500
008 160708b xxu||||| |||| 00| 0 eng d
020 _a9713200276
082 _22004
_aDFil 920
_bG21
100 _911080
_aGaspar, Karl M.
245 _aTo be poor and obscure:
_bThe spiritual sojourn of a Mindanawon/
_cKarl m. Gaspar
260 _aManila:
_bCenter for Spirituality-Manila,
_cc2004.
300 _aix, 172 pages:
_c23.5 cm.
650 0 _911081
_aPhilippine essays (English)
942 _2ddc
_cDFIL
999 _c3323
_d3323